BIBLIOTHÈQUE DE LA MAISON DU MEXIQUE

Logo 1 Logo 2

Peces moluscos y crustaceos en los códices Mexicanos (notice nᵒ 6313)

détails MARC
000 -Sello discográfico
campo de control de longitud fija 01132nam a2200325 4500
005 - Identificación de versión
campo de control 20251016084630.0
010 ## - Número Estándar Internacional de Libros (ISBN)
Número (ISBN) 968-805-100-4
099 ## - fechas locales
Tipo de ítem Koha LIBRO
100 ## - Datos de procesamiento general
Datos de procesamiento general 20230123d1980 m y1spay5003 ba
105 ## - Campo de datos codificados: Material textual, monográfico
Datos codificados de monografía a 001zy
200 1# - Título y mención de responsabilidad
Título propio Peces moluscos y crustaceos en los códices Mexicanos
Designación general del material texto impreso
Primer mención de responsabilidad Zita Basich
Declaración de responsabilidad subsiguiente presentación Ernesto Ramírez Hernández
205 ## - Declaración de edición
Declaración de edición 1a ed
210 ## - Publicación, distribución, etc.
Lugar de publicación, distribución, etc. México
Nombre del editor, distribuidor, etc. Archivo General de la Nación
Fecha de publicación, distribución, etc. 1980
215 ## - Descripción física
Designación de material específico y extensión del ítem 60 p
Otras características físicas principalmente il.
Dimensiones 21 cm
345 ## - Nota de información de adquisición
Fuente de adquisición/dirección de la suscripción [OBSOLETO] Donación Alain Musset
410 #1 - Series
Título Serie de Información gráfica
606 ## - Término temático usado como materia
Elemento de entrada Arte indígena
Número Koha 12027
606 ## - Término temático usado como materia
Elemento de entrada Códices mexicanos
Número Koha 3395
606 ## - Término temático usado como materia
Elemento de entrada Fauna marina en el arte precolombino
Número Koha 12028
660 ## - Código de área geográfica
Código MX
700 ## - Nombre personal - Responsabilidad primaria
Elemento de entrada Basich Leija
Parte del nombre distinta del elemento de entrada Zita
Fechas 1918-1988
Número Koha 7928
702 ## - Nombre personal - Responsabilidad secundaria
Elemento de entrada Ramírez Hernández
Parte del nombre distinta del elemento de entrada Ernesto
Número Koha 12029
801 #0 - Fuente de origen
País FR
Agencia cm
Reglas de catalogación (convenciones descriptivas) AFNOR
900 ## -
-- 1/21887
900 ## -
-- 7100417642\080104
942 ## - ELEMENTOS DE ENTRADA SECUNDARIOS (KOHA)
Tipo de ítem Koha Livre
996 ## -
-- MEX
-- 751145101
-- MMAG
-- 007226
-- 704.94 M611P
-- 20230123LIV
Exemplaires
Estatus retirado Estado de daño Estado de pérdida Fecha de adquisición Biblioteca de origen Biblioteca actual Ubicación en estantería Código de barras Precio de reemplazo Signatura topográfica completa No para préstamo Tipo de ítem Koha Nota pública Nota no pública
      05/08/2025 Casa México Paris Casa México Paris   007226 05/08/2025 704.94 M611P   Livre 20230123LIV 751145101